000
00271nam a22001217a 4500
008
180924b xxu||||| |||| 00| 0 eng d
041
_a
eng
080
_a
610
100
_a
4
101
_a
SHM
245
_a
Diabetes what you should know
_c
Kereiakes,D.J
942
_2
udc
_c
BK
999
_c
48328
_d
48328